| 000 | 00707nam a2200193 4500 | ||
|---|---|---|---|
| 001 | 000325876 | ||
| 003 | AM-YeHGA | ||
| 005 | 20250617130641.0 | ||
| 008 | 830601r19641881nyu||||||b||||000|0|eng|d | ||
| 040 | _aAM-YeHGA | ||
| 041 | 0 | _aeng | |
| 100 | 1 |
_aJackson, Benjamin Daydon, _d1846-1927. |
|
| 245 | 1 | 0 |
_aGuide to the literature of botany; _bbeing a classified selection of botanical works, including nearly 6000 titles not given in Pritzel's "Thesaurus.". |
| 260 |
_aNew York : _bHafner Pub. Co., _c1964. |
||
| 300 |
_axl, 626 p. _c24 cm. |
||
| 500 | _a"Originally published in 1881 ... Reprinted under license from the Linnean Society of London." | ||
| 650 | 0 |
_aBotany _xBibliography. |
|
| 090 | _c122960 | ||
| 999 |
_c121607 _d121607 |
||